00869nam a22002657a 45000010005000000030006000050050017000110080041000280200018000690400029000870500016001160820012001321000027001442450082001712500041002532600052002943000040003465050007003865200087003935210018004805210018004986500021005166500029005377000037005665943FISKH20250210152101.0250210b cb ||||| |||| 00| 0 eng d a9780340619339 aFISKHbengcFISKHdFISKH aPZ7.D2193 B a823.914 aDaniels, Lucyd(1958-) aBunnies in the bathroom /cLucy Daniels ; Illustrations By Shelagh McNicholas aThis edition first published in 1995 aLondon :bA division of Hodder Headline;c1995. a153 pages :billustrations ;c20 cm aP  aMandy and James try to find the new owner of two rabbits which John wants to buy. 8 a610 bLexile 8 aP bRaz-Plus  2AnimalsaRabbits 2VeterinarianaChildren's aMcNicholas, Shelaghdillustrator